[Event "World ol U16"]
[Site "Corum"]
[Date "2019.10.31"]
[Round "4.18"]
[White "Cheah, Kah Hoe"]
[Black "Laohawirapap, Prin"]
[Result "1-0"]
[WhiteElo "1815"]
[BlackElo "1774"]
[PlyCount "61"]
[EventDate "2019.10.29"]
[EventType "team-swiss"]
[EventRounds "9"]
[EventCountry "TUR"]
[SourceTitle "CBM 192 Extra"]
[Source "Chessbase"]
[SourceDate "2019.11.06"]
[SourceVersion "1"]
[SourceVersionDate "2019.11.06"]
[SourceQuality "1"]
[WhiteTeam "Malaysia II"]
[BlackTeam "Thailand"]
[WhiteTeamCountry "MAS"]
[BlackTeamCountry "THA"]

1. e4 c6 2. Nf3 d5 3. exd5 cxd5 4. d4 Nc6 5. Ne5 Nf6 6. c3 Bf5 7. g4 Nxe5 8. gxf5 Nc6 9. Be3 g6 10. Bd3 gxf5 11. Bxf5 e6 12. Bd3 Be7 13. Nd2 a6 14. Nf3 Rc8 15. Ne5 Nxe5 16. dxe5 Nd7 17. Qh5 Qc7 18. f4 Bc5 19. Bd2 Qb6 20. 0-0-0 Bd4 21. Bc2 Bc5 22. f5 Kd8 23. Qxf7 Rf8 24. Bg5+ Kc7 25. Qxe6 Be3+ 26. Bxe3 Qxe3+ 27. Kb1 Rce8 28. Qd6+ Kc8 29. e6 Nf6 30. Rhe1 Qf2 31. e7 1-0

[Event "Hong Kong Jolimark op"]
[Site "Hong Kong"]
[Date "2018.12.26"]
[Round "8"]
[White "Ho, In Hei Henry"]
[Black "Cheah, Kah Hoe"]
[Result "0-1"]
[WhiteElo "1870"]
[BlackElo "1768"]
[PlyCount "116"]
[EventDate "2018.12.22"]
[EventType "swiss"]
[EventRounds "9"]
[EventCountry "HKG"]
[SourceTitle "CBM 188 Extra"]
[Source "ChessBase"]
[SourceDate "2019.02.26"]
[SourceVersion "1"]
[SourceVersionDate "2019.02.26"]
[SourceQuality "1"]

1. e4 g6 2. d4 Bg7 3. Nc3 d6 4. f4 Nf6 5. Nf3 0-0 6. Bd3 Nc6 7. e5 dxe5 8. fxe5 Nd5 9. Nxd5 Qxd5 10. c3 Na5 11. Qe2 Bg4 12. Be4 Qc4 13. Qxc4 Nxc4 14. Bd5 Na5 15. b4 c6 16. Bb3 Nxb3 17. axb3 f6 18. exf6 exf6 19. Bf4 Rfe8+ 20. Kf2 Re4 21. Bd2 Rae8 22. Rhe1 Rxe1 23. Bxe1 a6 24. Bd2 Kf7 25. h3 Bf5 26. Be3 Bf8 27. Nd2 Bd6 28. Nc4 Bc7 29. Na5 Bxa5 30. bxa5 Bc2 31. b4 Bd3 32. Rd1 Bc4 33. g4 Ke6 34. Rg1 Kd5 35. Rg3 Bd3 36. Ke1 Kc4 37. Kd2 f5 38. Rf3 fxg4 39. hxg4 Re4 40. Rg3 g5 41. Rg2 h6 42. Rg3 Re6 43. Rf3 Re4 44. Rf5 Bb1 45. Rc5+ Kb3 46. b5 Rxg4 47. bxc6 Rg2+ 48. Ke1 bxc6 49. Rxc6 Bd3 50. Bf2 Kc2 51. Rxh6 g4 52. d5 g3 53. Bxg3 Re2+ 54. Kf1 Re6+ 55. Kf2 Rxh6 56. Ke3 Kxc3 57. d6 Bb5 58. Ke4 Rh7 0-1

[Event "Hong Kong Jolimark op"]
[Site "Hong Kong"]
[Date "2018.12.25"]
[Round "7"]
[White "Cheah, Kah Hoe"]
[Black "Kwong, Wing Ki"]
[Result "0-1"]
[WhiteElo "1768"]
[BlackElo "1646"]
[PlyCount "132"]
[EventDate "2018.12.22"]
[EventType "swiss"]
[EventRounds "9"]
[EventCountry "HKG"]
[SourceTitle "CBM 188 Extra"]
[Source "ChessBase"]
[SourceDate "2019.02.26"]
[SourceVersion "1"]
[SourceVersionDate "2019.02.26"]
[SourceQuality "1"]

1. g3 Nf6 2. Bg2 d5 3. Nf3 c5 4. 0-0 Nc6 5. d3 e6 6. Nbd2 Be7 7. e4 0-0 8. e5 Nd7 9. Re1 Qc7 10. Qe2 b5 11. Nf1 Bb7 12. Bf4 Rfd8 13. h4 d4 14. N1h2 Nb6 15. Ng5 Bxg5 16. Bxg5 Re8 17. Ng4 Nd7 18. h5 h6 19. Bf4 Ne7 20. Nf6+ gxf6 21. exf6 Qb6 22. fxe7 Bxg2 23. Kxg2 Qc6+ 24. Kh2 Kh7 25. Qd2 Nf6 26. Qe2 Rxe7 27. Be5 Nd7 28. Qg4 Rg8 29. Qh4 Ree8 30. Re4 f5 31. Ree1 Qd5 32. Bf4 Qf3 33. Kg1 Rg4 34. Qh1 Qxf4 35. Qc6 Nf6 36. Rxe6 Rxe6 37. Qxe6 Qg5 38. Qe7+ Qg7 39. Qxc5 f4 40. Qf5+ Kh8 41. Qc8+ Ng8 42. Re1 fxg3 43. f3 Rg5 44. Qe8 Rf5 45. Kg2 Qg5 46. Qe4 Nf6 47. Qa8+ Ng8 48. Qe4 Qxh5 49. Rh1 Qg5 50. Qxd4+ Rf6 51. Qc3 Kh7 52. Qc7+ Qg7 53. Qe5 Qf7 54. Qe4+ Qg6 55. Qb7+ Qf7 56. Qe4+ Kg7 57. Qg4+ Rg6 58. Qd4+ Nf6 59. Re1 Kh7 60. Qc5 Nd5 61. Kg1 g2 62. Kh2 Rg5 63. Qd4 Qh5+ 64. Kg1 Qh1+ 65. Kf2 g1Q+ 66. Rxg1 Qxg1+ 0-1

[Event "Hong Kong Jolimark op"]
[Site "Hong Kong"]
[Date "2018.12.25"]
[Round "6"]
[White "Wong, Brian"]
[Black "Cheah, Kah Hoe"]
[Result "1/2-1/2"]
[WhiteElo "2042"]
[BlackElo "1768"]
[PlyCount "82"]
[EventDate "2018.12.22"]
[EventType "swiss"]
[EventRounds "9"]
[EventCountry "HKG"]
[SourceTitle "CBM 188 Extra"]
[Source "ChessBase"]
[SourceDate "2019.02.26"]
[SourceVersion "1"]
[SourceVersionDate "2019.02.26"]
[SourceQuality "1"]

1. f4 d5 2. Nf3 g6 3. e3 Bg7 4. d4 Nh6 5. Bd3 0-0 6. c3 Bf5 7. 0-0 Nd7 8. h3 Bxd3 9. Qxd3 Nf5 10. Kh2 h5 11. Nbd2 c5 12. Ne5 Nxe5 13. fxe5 Rc8 14. Rxf5 gxf5 15. Qxf5 Rc6 16. Nf3 Rg6 17. Qxh5 Rh6 18. Qf5 e6 19. Qc2 f5 20. e4 fxe4 21. Bxh6 Bxh6 22. Ng1 Qh4 23. g3 Qh5 24. Re1 Qf5 25. Qg2 cxd4 26. cxd4 Qf2 27. Re2 Qxd4 28. h4 Qxe5 29. Nh3 Kh8 30. Nf2 Rxf2 31. Qxf2 e3 32. Qf7 d4 33. Rc2 Bg7 34. Rc8+ Kh7 35. Re8 Qf5 36. Qg8+ Kh6 37. Rxe6+ Bf6 38. Qh8+ Kg6 39. Qg8+ Kh6 40. Qh8+ Kg6 41. Qg8+ Kh6 1/2-1/2

[Event "Hong Kong Jolimark op"]
[Site "Hong Kong"]
[Date "2016.12.28"]
[Round "6"]
[White "Cheah, Kah Hoe"]
[Black "Xu, Yuze"]
[Result "0-1"]
[WhiteElo "1665"]
[BlackElo "1986"]
[PlyCount "88"]
[EventDate "2016.12.26"]
[EventType "swiss"]
[EventRounds "9"]
[EventCountry "HKG"]
[SourceTitle "CBM 176 Extra"]
[Source "ChessBase"]
[SourceDate "2017.03.02"]
[SourceVersion "1"]
[SourceVersionDate "2017.03.02"]
[SourceQuality "1"]

1. d4 Nf6 2. c4 e6 3. Nc3 Bb4 4. Qc2 0-0 5. a3 Bxc3+ 6. Qxc3 d5 7. e3 b6 8. Nf3 Ba6 9. Bd3 dxc4 10. Bxc4 Ne4 11. Qc2 Bxc4 12. Qxc4 Nd7 13. 0-0 c5 14. b4 Nd6 15. Qe2 cxd4 16. Nxd4 Rc8 17. Bb2 Nc4 18. Rac1 Nde5 19. f4 Nxb2 20. Qxb2 Nc4 21. Qa2 Qd5 22. Qb3 b5 23. Rfd1 Qe4 24. Rc3 a6 25. Nf3 Rfd8 26. Rcd3 Rxd3 27. Rxd3 h6 28. Kf2 Nb2 29. Rd2 Na4 30. Rd3 Nb6 31. Nd2 Qb7 32. Rc3 Rd8 33. Rd3 Re8 34. Qc3 Nd5 35. Qe5 Qc6 36. Qb2 Rc8 37. Nb3 Qc4 38. Qd4 Qc2+ 39. Kf3 Rc4 40. Rd2 Qxb3 41. Qa7 Rxf4+ 42. Ke2 Nc3+ 43. Kd3 Qc4+ 44. Kc2 Na4+ 0-1

[Event "Hong Kong Jolimark op"]
[Site "Hong Kong"]
[Date "2016.12.27"]
[Round "4"]
[White "Cheah, Kah Hoe"]
[Black "Leung, Ho Yan Andrew"]
[Result "0-1"]
[WhiteElo "1665"]
[BlackElo "2009"]
[PlyCount "86"]
[EventDate "2016.12.26"]
[EventType "swiss"]
[EventRounds "9"]
[EventCountry "HKG"]
[SourceTitle "CBM 176 Extra"]
[Source "ChessBase"]
[SourceDate "2017.03.02"]
[SourceVersion "1"]
[SourceVersionDate "2017.03.02"]
[SourceQuality "1"]

1. d4 Nf6 2. c4 g6 3. Nc3 Bg7 4. e4 d6 5. Nf3 0-0 6. h3 e5 7. d5 a5 8. Bg5 h6 9. Bh4 Na6 10. Bd3 Qe8 11. Qd2 Nh5 12. g4 Nf4 13. Bg3 Nxd3+ 14. Qxd3 Nc5 15. Qe2 Bd7 16. g5 h5 17. Nd2 a4 18. h4 Rb8 19. 0-0 f5 20. f3 b5 21. Bf2 fxe4 22. fxe4 Rf4 23. Nxb5 Rxb5 24. cxb5 Bxb5 25. Qe3 Bxf1 26. Rxf1 Qb5 27. b3 axb3 28. Nxb3 Nxe4 29. Nd2 Qxd5 30. Nxe4 Rxe4 31. Qh3 Rg4+ 32. Kh2 e4 33. Bg3 Be5 34. Bxe5 Qxe5+ 35. Kh1 d5 36. Rf6 Qa1+ 37. Rf1 Qxa2 38. Rf6 Qa1+ 39. Rf1 Rxh4 40. Qxh4 Qxf1+ 41. Kh2 Qe2+ 42. Kh1 Qg4 43. Qf2 Qf3+ 0-1

[Event "Asia-ch U14"]
[Site "Ulaanbaatar"]
[Date "2016.04.06"]
[Round "1"]
[White "Cheah, Kah Hoe"]
[Black "Abdisalimov, Abdimalik"]
[Result "0-1"]
[WhiteElo "1697"]
[BlackElo "2289"]
[PlyCount "84"]
[EventDate "2016.04.06"]
[EventType "swiss"]
[EventRounds "9"]
[EventCountry "MGL"]
[SourceTitle "EXT 2017"]
[Source "ChessBase"]
[SourceDate "2016.10.25"]
[SourceVersion "1"]
[SourceVersionDate "2016.10.25"]
[SourceQuality "1"]

1. d4 Nf6 2. c4 e6 3. Nc3 d5 4. cxd5 exd5 5. Bg5 Be7 6. e3 0-0 7. Bd3 h6 8. Bh4 b6 9. Nge2 Bb7 10. 0-0 Nbd7 11. a3 c5 12. dxc5 bxc5 13. Rb1 Qb6 14. Bc2 Rad8 15. Na4 Qc6 16. f3 Qb5 17. Bd3 Qa5 18. Be1 Qc7 19. Bg3 Bd6 20. Bxd6 Qxd6 21. Ng3 Rfe8 22. Re1 Bc6 23. b4 Bxa4 24. Qxa4 c4 25. Bf1 Qb6 26. Nf5 Re5 27. Nd4 Rde8 28. Kf2 Nf8 29. Qc6 Qb8 30. Rbd1 R5e7 31. Qa4 Qxh2 32. Nf5 Re5 33. Ng3 Rg5 34. Ne2 Qe5 35. Qxa7 Ne6 36. Nd4 Qg3+ 37. Ke2 Nf4+ 38. Kd2 Qf2+ 39. Ne2 d4 40. exf4 Qe3+ 41. Kc2 d3+ 42. Kb2 Qxa7 0-1

[Event "World School-ch U11 11th"]
[Site "Pattaya"]
[Date "2015.05.09"]
[Round "4"]
[White "Cheah, Kah Hoe"]
[Black "Assaubayeva, Bibissara"]
[Result "0-1"]
[WhiteElo "1467"]
[BlackElo "2086"]
[PlyCount "82"]
[EventDate "2015.05.07"]
[EventType "swiss"]
[EventRounds "9"]
[EventCountry "THA"]
[SourceTitle "CBM 166 Extra"]
[Source "ChessBase"]
[SourceDate "2015.06.18"]
[SourceVersion "1"]
[SourceVersionDate "2015.06.18"]
[SourceQuality "1"]

1. e4 e5 2. Nf3 Nc6 3. Bb5 a6 4. Ba4 Nf6 5. 0-0 b5 6. Bb3 Bb7 7. Re1 Bc5 8. c3 0-0 9. d3 d6 10. Nbd2 Bb6 11. a4 Na5 12. Bc2 c5 13. axb5 axb5 14. Nf1 Nc6 15. Rxa8 Qxa8 16. Ng3 c4 17. Be3 Bxe3 18. Rxe3 Rd8 19. Re1 Qa2 20. Qa1 Ra8 21. Qxa2 Rxa2 22. Rb1 g6 23. Kf1 Nd7 24. Ke2 Nc5 25. dxc4 bxc4 26. Nd2 Na5 27. Ngf1 f5 28. f3 f4 29. g4 Kg7 30. h4 h6 31. Kd1 Ba6 32. Kc1 Nab3+ 33. Kd1 Na1 34. Nh2 Bb5 35. Rxa1 Rxa1+ 36. Ke2 Ra2 37. Bd1 Rxb2 38. Nhf1 Nd3 39. Nh2 Ra2 40. Nhf1 Ra1 41. Bc2 Re1# 0-1

[Event "Penang op 6th"]
[Site "Penang"]
[Date "2014.12.11"]
[Round "7"]
[White "Cheah, Kah Hoe"]
[Black "Ooi, Yen Hoe"]
[Result "1-0"]
[WhiteElo "1370"]
[BlackElo "1663"]
[PlyCount "57"]
[EventDate "2014.12.08"]
[EventType "swiss"]
[EventRounds "9"]
[EventCountry "MAS"]
[SourceTitle "CBM 163 Extra"]
[Source "ChessBase"]
[SourceDate "2014.12.23"]
[SourceVersion "1"]
[SourceVersionDate "2014.12.23"]
[SourceQuality "1"]

1. Nf3 Nf6 2. g3 e6 3. Bg2 Be7 4. 0-0 0-0 5. d3 d5 6. Nc3 c5 7. e4 Nc6 8. Nd2 a6 9. a4 d4 10. Ne2 e5 11. f4 Be6 12. f5 Bd7 13. h3 Ne8 14. Nf3 f6 15. g4 Nd6 16. h4 c4 17. Ng3 cxd3 18. cxd3 Rc8 19. Rf2 Kh8 20. Bf1 Nb4 21. g5 b5 22. g6 Qc7 23. axb5 Bxb5 24. Ne1 Bd8 25. Qh5 h6 26. Bxh6 gxh6 27. Qxh6+ Kg8 28. Nh5 Ne8 29. Rg2 1-0

[Event "Penang op 6th"]
[Site "Penang"]
[Date "2014.12.10"]
[Round "5"]
[White "Cheah, Kah Hoe"]
[Black "Hng, Mei En Emmanuelle"]
[Result "0-1"]
[WhiteElo "1370"]
[BlackElo "1677"]
[PlyCount "48"]
[EventDate "2014.12.08"]
[EventType "swiss"]
[EventRounds "9"]
[EventCountry "MAS"]
[SourceTitle "CBM 163 Extra"]
[Source "ChessBase"]
[SourceDate "2014.12.23"]
[SourceVersion "1"]
[SourceVersionDate "2014.12.23"]
[SourceQuality "1"]

1. e4 c5 2. Nf3 e6 3. d4 cxd4 4. Nxd4 a6 5. Nc3 Qc7 6. Be3 b5 7. Bd3 Bb7 8. Qd2 Nf6 9. 0-0-0 d6 10. f3 Nbd7 11. g4 Nb6 12. Bxb5+ axb5 13. Ndxb5 Qd8 14. Nxd6+ Bxd6 15. Qxd6 Qxd6 16. Rxd6 Nc4 17. Rd3 Ne5 18. Rdd1 Nxf3 19. Rdf1 Ne5 20. g5 Nxe4 21. Nxe4 Bxe4 22. Rhg1 Rxa2 23. Bd4 Nf3 24. Rg3 Ra1# 0-1